Camdessus foresees prosperity, if all nations cooperate.

Výber z referátu ústredného riaditeľa MMF Rade pre svetové záležitosti v San Diegu 5.3.1992. Výzva k medzinárodnej spolupráci na prekonanie prechodných ťažkostí v rámci celého sveta. Globálne problémy: obchodný protekcionizmus a nerovnováha medzi projektovanými úsporami a uvažovanými investíciami. P...

Ausführliche Beschreibung

Gespeichert in:
Bibliographische Detailangaben
Format: Buchkapitel
Sprache:Englisch
Schlagworte:
Tags: Tag hinzufügen
Keine Tags, Fügen Sie das erste Tag hinzu!

MARC

LEADER 00000naa a2200000 4500
001 r007929
005 20220913122259.8
041 0 |a eng 
044 |a US 
245 1 0 |a Camdessus foresees prosperity, if all nations cooperate. 
520 |a Výber z referátu ústredného riaditeľa MMF Rade pre svetové záležitosti v San Diegu 5.3.1992. Výzva k medzinárodnej spolupráci na prekonanie prechodných ťažkostí v rámci celého sveta. Globálne problémy: obchodný protekcionizmus a nerovnováha medzi projektovanými úsporami a uvažovanými investíciami. Prehľad rozvoja svetového obchodu s ohľadom na postup jednotlivých skupín štátov. Možnosti korekcie trendov v globálnych úsporách. Situácia v USA, daňovníctvo, štruktúrne reformy. 
610 2 0 |a protekcionizmus 
610 2 0 |a obchod svetový 
610 2 0 |a USA 
610 2 0 |a dane 
610 2 0 |a zmeny štruktúrne 
610 2 0 |a vzťahy hospodárske vonkajšie